000 01919cam a22004694i 4500
003 PE-LiUPU
005 20250731172937.0
008 150623s r 000 0 d
035 _a(Sirsi) a20893
040 _aPE-LiUPU
_bspa
_cPE-LiUPU
_erda
082 0 4 _a231.74
_bB64
_221
100 1 _aBockmuehl, Markus,
_eautor.
245 1 0 _aRevelation and Mystery in Ancient Judaism and Pauline Christianity /
_cMarkus N.A. Bockmuehl.
264 1 _aMichigan :
_bWilliam B. Eerdmans Publishing Company,
_c1990.
300 _a310 páginas ;
_c23 cm.
336 _atext
_2rdacontent
337 _aunmediated
_2rdamedia
338 _avolume
_2rdacarrier
504 _aIncluye bibliografía.
505 0 _aApocalyptic literature.- Qumran.- Wisdom literature.- Philo.- Josephus.- The ancient versions.- Early rabbinic literature.- Revelation in Paul.- The letters to Corinth and Rome.- Colossians.- Postscript to Paul.
526 _aSEG42
526 _aSEG41
526 _aSEG40
526 _aSEG39
526 _aP94
526 _aP87
526 _aP86
526 _aP85
526 _aP77
526 _aP76
526 _aP35
630 _aBiblia.
_pN.T.
_pEpístolas de Pablo
_xCrítica, interpretación, etc.
650 0 4 _aApocalipsis
_xJudaísmo
_xHistoria de las doctrinas.
650 0 4 _aJudaísmo
_xHistoria
_yperíodo post-exilio, 586 aC-210 dC.
650 0 4 _aRevelación
_xCristianismo
_xHistoria de las doctrinas
_xIglesia primitiva, ca. 30-600.
650 0 4 _aMisterio
_xHistoria de las doctrinas.
942 _2ddc
_cBOOK
949 _a231.74 B64
_wDEWEY
_c1
_i44417
_lCCODEBUL1
_mBUL
_p00.00
_r0
_sY
_tBOOK
_u2015-06-24
_xTEOLOGIA
_PP35
_0COMPRA
_o.STAFF. Colección General
596 _a1
999 _a231.74 B64
_wDEWEY
_c21295
_i44417
_d21295
_f2021-11-9
_g5
_lCCODEBUL1
_mBUL
_q1
_r0
_sY
_tBOOK
_u2015-6-24
_xTEOLOGIA
_PP35
_0COMPRA
_o.STAFF. Colección General
980 _81
_gALBERTO SANCHEZ Responsable de Automatización